Every Rupaul’s Drag Race Franchise - Statistics

General Stats
  • This quiz has been taken 100 times
    33 since last reset
  • The average score is 19 of 27
Answer Stats
Years Aired Answer % Correct
2020 - Canada's Drag Race
94%
2022 - Drag Race France
94%
2009 - RuPaul's Drag Race
94%
2012 - RuPaul's Drag Race All Stars
94%
2019 - RuPaul's Drag Race UK
94%
2021 - Drag Race España
91%
2023 - Drag Race México
91%
2021 - Drag Race Italia
88%
2023 Drag Race Germany
84%
2018 - ? Drag Race Thailand
84%
2022 - Drag Race Philippines
81%
2021 - ? RuPaul's Drag Race Down Under
81%
2023 - ? Drag Race Belgique
78%
2023 - Drag Race Brasil
78%
2022- Drag Race: Canada vs the World
75%
2023 Drag Race Sverige
75%
2022 - Drag Race: UK vs the World
75%
2024 - ? Drag Race España: All Stars
66%
2020 - 2021 Drag Race Holland
63%
2010 - RuPaul's Drag Race: Untucked!
56%
TBA Drag Race South Africa
53%
2024 - ? Rupaul’s Drag Race: Global All Stars
50%
2010 - 2012 RuPaul's Drag U
44%
TBA Drag Race France All Stars
41%
2020 - 2022 RuPaul's Secret Celebrity Drag Race
31%
2020 - 2022 God Shave the Queens
0%
2020 RuPaul's Drag Race: Vegas Revue
0%
No matching quizzes found
Score Distribution
Percent of People with Each Score
Percentile by Number Answered
Your Score History
You have not taken this quiz since the last reset